000
00314nam a2200109Ia 4500
008
160712s9999 xx 000 0 und d
245
_a
Guilt
260
_c
2012
_b
Diliman Review
300
_a
vol. 59 no. 1-4
650
_x
POETRY
856
_u
http://journals.upd.edu.ph/index.php/dilimanreview/issue/view/390/showToc
999
_c
297465
_d
297465